| 000 | 01106nam a2200265 i 4500 | ||
|---|---|---|---|
| 001 | 000031802 | ||
| 003 | DO-SdBNP | ||
| 005 | 20241112080252.0 | ||
| 007 | ta | ||
| 008 | 110706s1915 dr ac 000 0 spa d | ||
| 040 |
_aDO-SdBNP _bspa _cBNPHU _erda |
||
| 082 | 4 |
_axxx _bA727 _222 |
|
| 100 | 1 |
_aArmando Rodríguez, Cayetano, _eautor _958020 |
|
| 245 | 1 | 0 |
_aGeografía física, política e histórica de la isla de Santo Domingo o Haití : _bPrecedida de nociones de cosmografía de geografía general de La Tierra y de una ligera reseña de las otras islas del Archipielago Antillano / _cCayetano Armando Rodríguez ; prólogo Luis A. Weber. |
| 264 | 1 |
_aSanto Domingo : _bImprenta J. R. Vda. García, _c1915. |
|
| 300 |
_a460 páginas : _bilustraciones, retratos ; _c24 cm. |
||
| 336 |
_2rdacontent _atexto _btxt |
||
| 337 |
_2rdamedia _asin mediación _bn |
||
| 338 |
_2rdacarrier _avolumen _bnc |
||
| 500 | _aIncluye referencias bibliográficas y notas al pie de las páginas | ||
| 590 | _aInventariado, 2023/BT | ||
| 700 | 1 |
_aWeber, Luis A., _eprólogo _957254 |
|
| 910 | _aBtavárez | ||
| 942 |
_2ddc _cLBS1 |
||
| 999 |
_c31294 _d31294 |
||